000 01421nam a22003137a 4500
005 20080918163843.0
008 080918t xxu||||| |||| 00| 0 hin d
010 _aHIN-92690
020 _c195.00
_a8190317745
035 _aHN-65036
037 _bDBAD / PUB
040 _aDPL
_bHN
082 _a
100 _9747
_aगुजराल, तरसेन
245 _aसीढियां और शिखर /
_cतरसेन गुजराल
246 _aSidhiya Aur Shikhar
_bby Tarsen Gujral
260 _aपंचकुला
_bबेटर बुक्स
_c2011
270 _a#1471-सेक्टर-15
_bपंचकुला (हरियाणा)
300 _a112पृ.
_c22सेमी (सजिल्द)
650 _9697
_aलघु कथाएँ , हिन्दी
650 _9698
_aShort Stories, Hindi
700 _927881
700 _927882
700 _927883
942 _2ddc
_cHN
_mगुजरा
_h
999 _c52389
_d52389